| 000 | 00502nam a2200121Ia 4500 | ||
|---|---|---|---|
| 008 | 220616s9999||||xx |||||||||||||| ||und|| | ||
| 100 | _aSiedina, Giovanna | ||
| 245 | 0 | _aChapter Essays on the Spread of Humanistic and Renaissance Literary Civilization in the Slavic World (15th-17th Century). An Introduction | |
| 546 | _aEnglish[eng] | ||
| 650 | _aHumanism||the Renaissance||Slavic cultures and literatures | ||
| 856 | _uhttps://library.oapen.org/bitstream/20.500.12657/56131/1/15415.pdf | ||
| 942 | _cEB | ||
| 999 |
_c19617 _d19617 |
||